Sajtóetika kisebbségi sorban. Magyarországi sajtókonfliktusok elemzése
Elmentve itt :
| Szerző: | |
|---|---|
| Adatforrás: | Meister |
| Forrásdokumentuma: | A Hét. - 40 sz., 1997, 10 p. |
| Nyelv: | magyar |
| Kulcsszavak: | médiaszociológia sajtó szakmai intézmények sajtóetika újságírás mass-media etika l: erkölcs Magyarország Magyar Sajtó Magyar Újságírók Országos Szövetsége (MÚOSZ) |
| LEADER | 00699nab a2200241 i 4500 | ||
|---|---|---|---|
| 001 | bibPRO00007243 | ||
| 008 | 060524s1997 xx hun | ||
| 040 | |a Sz1 | ||
| 041 | |a hun | ||
| 100 | 1 | |a KÖVÉR Tamás | |
| 245 | 1 | 0 | |a Sajtóetika kisebbségi sorban. Magyarországi sajtókonfliktusok elemzése |c KÖVÉR Tamás |
| 695 | |a médiaszociológia | ||
| 695 | |a sajtó | ||
| 695 | |a szakmai intézmények | ||
| 695 | |a sajtó | ||
| 695 | |a sajtóetika | ||
| 695 | |a újságírás | ||
| 695 | |a mass-media | ||
| 695 | |a etika l: erkölcs | ||
| 695 | |a Magyarország | ||
| 695 | |a Magyar Sajtó | ||
| 695 | |a Magyar Újságírók Országos Szövetsége (MÚOSZ) | ||
| 773 | 0 | |t A Hét. - |g 40 sz., 1997, 10 p. | |